Normal view
MARC view
- Nysa (Eskiçağ kenti)
Entry Geographic Name
001 - CONTROL NUMBER
- control field: 142163
003 - CONTROL NUMBER IDENTIFIER
- control field: TR-AnTOB
005 - DATE AND TIME OF LATEST TRANSACTION
- control field: 20230607093919.0
008 - FIXED-LENGTH DATA ELEMENTS
- fixed length control field: 890606|| anznnbabn |a ana d
035 ## - SYSTEM CONTROL NUMBER
- System control number: (TR-AnTOB)142163
040 ## - CATALOGING SOURCE
- Original cataloging agency: DLC
- Language of cataloging: eng
- Description conventions: rda
- Transcribing agency: DLC
- Modifying agency: DLC
- Modifying agency: TR-AnTOB
- Subject heading/thesaurus conventions: etuturkob
151 ## - HEADING--GEOGRAPHIC NAME
- Geographic name: Nysa (Eskiçağ kenti)
451 ## - SEE FROM TRACING--GEOGRAPHIC NAME
- Geographic name: Nysa (Ancient city)
451 ## - SEE FROM TRACING--GEOGRAPHIC NAME
- Geographic name: Nysa (Extinct city)
451 ## - SEE FROM TRACING--GEOGRAPHIC NAME
- Geographic name: Nysa (Eskiçağ şehri)
451 ## - SEE FROM TRACING--GEOGRAPHIC NAME
- Geographic name: Nysa (Antik kent)
451 ## - SEE FROM TRACING--GEOGRAPHIC NAME
- Geographic name: Nysa (Antik şehir)
550 ## - SEE ALSO FROM TRACING--TOPICAL TERM
- Topical term or geographic name entry element: Extinct cities
- Geographic subdivision: Turkey
- Control subfield: g
551 ## - SEE ALSO FROM TRACING--GEOGRAPHIC NAME
- Geographic name: Turkey
- General subdivision: Antiquities
- Control subfield: g
688 ## - APPLICATION HISTORY NOTE
- Institution to which field applies: TR-AnTOB
- Application history note: etuturkob BS 07.06.2023 lcsh
751 ## - ESTABLISHED HEADING LINKING ENTRY--GEOGRAPHIC NAME
- Authority record control number or standard number: (TR-AnTOB)142162
781 #0 - SUBDIVISION LINKING ENTRY--GEOGRAPHIC SUBDIVISION
- Geographic subdivision: Turkey
- Geographic subdivision: Nysa (Extinct city)



